Historic Events by State - Statistics

General Stats
  • This quiz has been taken 205 times
  • The average score is 16 of 22
Answer Stats
Hint Answer % Correct
The Great Chicago Fire Illinois
97%
John F. Kennedy's Assassination Texas
97%
1849 Gold Rush California
94%
The Montgomery Bus Boycott Alabama
89%
The Stock Exchange Crashed New York
89%
The Eruption of Mount Saint Helens Washington
86%
The Battle of Gettysburg Pennsylvania
85%
Elvis Presley's Death Tennessee
82%
The Ford Motor Company is Founded Michigan
80%
The Wright Brothers fly the first Airplane North Carolina
78%
Juan Ponce de Leon's Landing Florida
73%
The Battle of Lexington and Concord Massachusetts
71%
The Disappearance of Roanoke Virginia
69%
James Cook's Death Hawaii
66%
Stephen King was Born Maine
65%
The First Iditarod Alaska
63%
The Trail of Tears Ends Oklahoma
63%
The Battle of Little Bighorn Montana
61%
Thomas Edison reinvents the Lightbulb New Jersey
59%
The Continental Railroad Meets Utah
49%
Women are First Given the Right to Vote Wyoming
47%
The First time a State Abolished Slavery Vermont
25%
No matching quizzes found
Score Distribution
Percent of People with Each Score
Percentile by Number Answered
Your Score History
You have not taken this quiz